Online
Catalog

Trascendiendo fronteras : (Record no. 58453)

MARC details
000 -CABECERA
campo de control de longitud fija 02535nam a2200349 i 4500
003 - IDENTIFICADOR DEL NÚMERO DE CONTROL
campo de control DO-SdBNP
005 - FECHA Y HORA DE LA ÚLTIMA TRANSACCIÓN
campo de control 20251015104237.0
007 - CAMPO FIJO DE DESCRIPCIÓN FÍSICA--INFORMACIÓN GENERAL
campo de control de longitud fija ta
008 - DATOS DE LONGITUD FIJA--INFORMACIÓN GENERAL
campo de control de longitud fija 250530b2024 dr ac||| |||| 00| 0 spa d
020 ## - NÚMERO INTERNACIONAL ESTÁNDAR DEL LIBRO
Número Internacional Estándar del Libro 9789945634341
040 ## - FUENTE DE LA CATALOGACIÓN
Centro catalogador/agencia de origen DO-SdBNP
Lengua de catalogación spa
Centro/agencia transcriptor BNPHU
Normas de descripción rda
041 ## - CÓDIGO DE LENGUA
Código de lengua del texto/banda sonora o título independiente spa
082 #4 - NÚMERO DE LA CLASIFICACIÓN DECIMAL DEWEY
Número de clasificación 304.8097293
Número de documento/Ítem B641t
Número de edición 22
100 1# - ENTRADA PRINCIPAL--NOMBRE DE PERSONA
Nombre de persona Blanco Cepín, Magyoly Victoria,
Código de función/relación aut.
Término indicativo de función/relación autor
9 (RLIN) 87927
245 10 - MENCIÓN DE TÍTULO
Título Trascendiendo fronteras :
Resto del título una guía sobre las oportunidades a favor de la diáspora dominicana /
Mención de responsabilidad, etc. Magyoly Victoria Blanco Cepin, Nicole Checo Rodríguez ; coordinación, tutoría y revisión, Adriana Yelina de la Cruz Holguín ; revisión técnica, Pablo Asencio, Mario Gallego Cosme, Ilmarys Capellán, Lissa Pérez Patrocino ; coordinadora editorial, Aimara Vera Riverón ; corrección de estilo, Kary Alba Rocha Arias ; diseño y diagramación, Laura Longa M.
264 #4 - PRODUCCIÓN, PUBLICACIÓN, DISTRIBUCIÓN, FABRICACIÓN Y COPYRIGHT
Producción, publicación, distribución, fabricación y copyright Santo Domingo, Republica Dominicana :
Nombre del de productor, editor, distribuidor, fabricante Instituto Nacional de Migración de la Republica Dominicana,
Fecha de producción, publicación, distribución, fabricación o copyright ©2024.
300 ## - DESCRIPCIÓN FÍSICA
Extensión 104 páginas :
Otras características físicas ilustraciones, retratos ;
Dimensiones 27 cm.
336 ## - TIPO DE CONTENIDO
Término de tipo de contenido texto
Código de tipo de contenido txt
Fuente rdacontent
337 ## - TIPO DE MEDIO
Nombre/término del tipo de medio sin mediación
Código del tipo de medio n
Fuente rdamedia
338 ## - TIPO DE SOPORTE
Nombre/término del tipo de soporte volumen
Código del tipo de soporte nc
Fuente rdacarrier
504 ## - NOTA DE BIBLIOGRAFÍA, ETC.
Nota de bibliografía, etc. Bibliografía: páginas 99-
505 ## - NOTA DE CONTENIDO CON FORMATO
Nota de contenido con formato Introducción, 9.-- Objetivo, 11.-- Protección social trasnacional, 13.-- Estrategia Nacional de Desarrollo 2030 (END) y el Plan Plurianual del Sector Público, 21.-- Consideraciones finales sobre la protección social trasnacional, 25.-- Trascendiendo fronteras : una guía sobre las oportunidades a favor de la diáspora dominicana, 33.-- Sector educación, 38.-- Sector salud, 52.-- Organismos descentralizados del sector salud, 56.-- Sector cultural, 58.-- Sector deportivo, 64.-- Sector transporte, 66.-- Sector económico, 68.-- Relaciones exteriores, 72.-- Sector seguridad, 78.-- Sistema tributario de la República Dominicana, 80.-- Medidas gubernamentales en materias civil y electoral, 82.-- Conclusión, 89.-- Recomendaciones, 95.--
590 ## - NOTA LOCAL (RLIN)
Nota local Inventariado, 2025 /LP
650 #4 - PUNTO DE ACCESO ADICIONAL DE MATERIA--TÉRMINO DE MATERIA
Término de materia o nombre geográfico como elemento de entrada Emigración e Inmigración
Subdivisión general Aspectos sociales
Subdivisión geográfica República Dominicana
9 (RLIN) 85485
650 #4 - PUNTO DE ACCESO ADICIONAL DE MATERIA--TÉRMINO DE MATERIA
Término de materia o nombre geográfico como elemento de entrada Guías
Subdivisión general Dominicanos en el extranjero
9 (RLIN) 20961
651 #0 - PUNTO DE ACCESO ADICIONAL DE MATERIA--NOMBRE GEOGRÁFICO
Nombre geográfico República Dominicana
9 (RLIN) 78065
Subdivisión general Relaciones con sus nacionales en el extranjero
653 ## - TÉRMINO DE INDIZACIÓN--NO CONTROLADO
Término no controlado Dominicanos en el extranjero
700 1# - PUNTO DE ACCESO ADICIONAL--NOMBRE DE PERSONA
Nombre de persona Checo Rodríguez, Nicole
Término indicativo de función/relación autor
Código de función/relación aut.
9 (RLIN) 87928
710 1# - PUNTO DE ACCESO ADICIONAL--NOMBRE DE ENTIDAD CORPORATIVA
Nombre de entidad corporativa o nombre de jurisdicción como elemento de entrada Instituto Nacional de Migración del la Republica Dominicana
9 (RLIN) 87226
910 ## - DATOS DE OPCIÓN DEL USUARIO (OCLC)
Datos de opción del usuario LP. Validado control de calidad/ MAA
942 ## - ELEMENTOS DE PUNTO DE ACCESO ADICIONAL (KOHA)
Fuente del sistema de clasificación o colocación Dewey Decimal Classification
Tipo de ítem Koha Libro
Holdings
Estado de retiro Estado de pérdida Fuente del sistema de clasificación o colocación Restricciones de uso No para préstamo Código de colección Localización permanente Ubicación/localización actual Ubicación en estantería Fecha de adquisición Fuente de adquisición Total de préstamos Signatura topográfica completa Código de barras Fecha visto por última vez Precio válido a partir de Tipo de ítem Koha Número de copia
    Dewey Decimal Classification Excluido de préstamo   Patrimonio Dominicano Biblioteca Nacional Pedro Henríquez Ureña Biblioteca Nacional Pedro Henríquez Ureña Depósito 19.02.2025 Depósito Legal   BNPHU PD 304.8097293 B641t 2025-1953 18.03.2025 18.03.2025 Libro  
    Dewey Decimal Classification Excluido de préstamo   Patrimonio Dominicano Biblioteca Nacional Pedro Henríquez Ureña Biblioteca Nacional Pedro Henríquez Ureña Depósito 19.02.2025 Depósito Legal   BNPHU PD 304.8097293 B641t 2025-1954 18.03.2025 18.03.2025 Libro e.2
    Dewey Decimal Classification Excluido de préstamo   Dominicana de Servicio Biblioteca Nacional Pedro Henríquez Ureña Biblioteca Nacional Pedro Henríquez Ureña Depósito 19.02.2025 Depósito Legal   BNPHU DS 304.8097293 B641t 2025-1955 18.03.2025 18.03.2025 Libro e.3
    Dewey Decimal Classification Préstamo en sala   Dominicana de Servicio Biblioteca Nacional Pedro Henríquez Ureña Biblioteca Nacional Pedro Henríquez Ureña Depósito 21.10.2024 Depósito Legal   BNPHU DS 304.8097293 B641t 2025-11883 15.10.2025 15.10.2025 Libro e.4
    Dewey Decimal Classification Préstamo en sala   Dominicana de Servicio Biblioteca Nacional Pedro Henríquez Ureña Biblioteca Nacional Pedro Henríquez Ureña Depósito 21.10.2024 Depósito Legal   BNPHU DS 304.8097293 B641t 2025-11884 15.10.2025 15.10.2025 Libro e.5

Powered by Koha